000 00455pab a2200181 454500
008 180718b1999 xxu||||| |||| 00| 0 eng d
100 _aMadhavan, A.
245 _aDiplomatic dimensions of the crisis: Kargil will keep us on the alert
260 _c1999
300 _ap.10
362 _a11 Jun
650 _aInternational relations
650 _aDefence
650 _aWar
650 _aKargil conflict
773 _aDeccan Herald
909 _a42114
999 _c42114
_d42114